000 00584nam a2200133Ia 4500
008 180815s9999 xx 000 0 und d
020 _a9189718778883
100 _aBautista, Ofelia K.
245 _cOfelia K. Bautista, Teresita L. Rosario, Roberto K. Bautista, Jr.--
_aWrite a thesis and other research articles for refered journals and symposia :
_ba brief guide /
260 _aLaguna :
_bUniversity of the Philippines - Los BaƱos
_c2012
300 _av, 50 pages.
650 _aDissertations, Academic--Handbooks, manuals, etc.
650 _aReport writing--Handbooks, manuals, etc.
999 _c358324
_d358324